Normal view
MARC view
- الرياضيات - تعليم وتعليم - المرحلة الاساسية - الاردن
Entry Topical Term
001 - CONTROL NUMBER
- control field: 57642
003 - CONTROL NUMBER IDENTIFIER
- control field: JO-AjAnu
005 - DATE AND TIME OF LATEST TRANSACTION
- control field: 20230606083434.0
008 - FIXED-LENGTH DATA ELEMENTS
- fixed length control field: 230606|| aca||aabn | a|a d
040 ## - CATALOGING SOURCE
- Original cataloging agency: JO-AjAnu
- Transcribing agency: JO-AjAnu
150 ## - HEADING--TOPICAL TERM
- Topical term or geographic name entry element: الرياضيات - تعليم وتعليم - المرحلة الاساسية - الاردن
670 ## - SOURCE DATA FOUND
- Source citation: Work cat.: (JO-AjAnu)29411: اعداد القضاة، احمد حسن احمد؛ اشراف عبد الرحمن عدس, author 57641, مقارنة اربع استراتيجيات في تحديد الواجب البيتي في مادة الرياضيات لصفوف المرحلة الاساسية في المدارس الاردنية